LEADER 01223nam a2200277 u 4500 001 000000037175 003 CaOOAMICUS 005 20070226113733.0 008 980403s1989 it u000 u ita u 035 $a10788909 040 $aBAV$bita$dPUL(R) 041 0 $aita$alat 100 1 $aBoni, Andrea,$cO.F.M.,$d1927-$0(OLS)http://pul/name/2487 245 14$aGli istituti religiosi e la loro potestà di governo (c. 607/c. 596) /$cAndrea Boni. 260 $aRomae :$bPontificium Athenaeum Antonianum,$c1989. 300 $a529 p. ;$c24 cm 490 1 $aSpicilegium Pontificii Athenaei Antoniani ;$v29 504 $a"Indice bibliografico": p. 510-526. 650 4$aDiritto canonico$xStoria$xFonti.$0(OLS)http://pul/subject/3092 830 0$aSpicilegium Pontificii Athenaei Antoniani ;$v29.$0(OLS)http://pul/title/1487 850 $aPUL 852 $aPUL$W1$xSL Religione 1$y3$m79.M$j1302$nBK-PRI$b $qStampati$B50839$CPULBib$Z2$F50839 $H $81 941 1 $a8 961 $aINV: 60899 996 $6245$aGli istituti religiosi e la loro potestà di governo (c. 607/c. 596)$9(OLS)http://pul/title/50669 996 $6260$aRomae :$bPontificium Athenaeum Antonianum$9(OLS)http://pul/publisher/48465 LEADER 01412nam a2200265 u 4500 001 000000080894 003 CaOOAMICUS 005 20070226123709.0 008 050307s2004 it u000 u ita u 035 $a11032402 040 $aPUL$bita 100 1 $aGramajo, Juan Manuel.$0(OLS)http://pul/name/53975 245 14$aGli elementi dei delitti e le regole di procedura e prova nello statuto della corte penale internazionale :$bconflitto e coesistenza fra sistemi giuridici /$cJuan Manuel Gramajo. 260 $aRoma :$bPontificia Università Lateranense,$c2004. 300 $a154 p. ;$c24 cm 500 $a"Excerptum theseos ad Doctoratum in Utroque Iure". 502 $aDiss. (Doct.)-- Pontificia Università Lateranense, 2004. 504 $aBibliografia: p. 145-149. 610 24$aCorte penale internazionale.$0(OLS)http://pul/subject/27666 650 4$aDiritto internazionale penale.$0(OLS)http://pul/subject/25948 850 $aPUL 852 $aPUL$W1$xDP1 Tesi Pon Univ. Lateranense$y41$mTH PUL 1306$j103268$nBK-PRI$b $qTesi$B103268$CPULBib$Z2$F103268 $H $81 941 1 $a16 996 $6245$aGli elementi dei delitti e le regole di procedura e prova nello statuto della corte penale internazionale :$bconflitto e coesistenza fra sistemi giuridici$9(OLS)http://pul/title/105892 996 $6260$aRoma :$bPontificia Università Lateranense$9(OLS)http://pul/publisher/47963